[Event "Bundesliga 0910"]
[Site "Germany"]
[Date "2010.03.21"]
[Round "13.2"]
[White "McShane, Luke J"]
[Black "Chuchelov, Vladimir"]
[Result "1-0"]
[WhiteElo "2615"]
[BlackElo "2598"]
[Annotator "Meyer,CD"]
[PlyCount "71"]
[EventDate "2009.10.16"]
[EventType "team-tourn"]
[EventRounds "15"]
[EventCountry "GER"]
[SourceTitle "CBM 136"]
[Source "ChessBase"]
[SourceDate "2010.05.18"]
[SourceVersion "1"]
[SourceVersionDate "2010.05.18"]
[SourceQuality "1"]
[WhiteTeam "Werder Bremen"]
[BlackTeam "Katernberg"]
[WhiteTeamCountry "GER"]
[BlackTeamCountry "GER"]

1. e4 c5 2. Nf3 d6 3. d4 cxd4 4. Nxd4 Nf6 5. Nc3 a6 6. Be3 e5 7. Nb3 Be6 8. Qd2
Be7 9. f3 O-O 10. O-O-O Nbd7 11. Kb1 ({Gegenwärtig üblicher und energischer ist
} 11. g4 {und hierzu ein paar ChessBase-Daten:} b5 12. g5 (12. Rg1 Qc7 (12...
Nb6 13. Na5 (13. g5 Nh5 14. f4 exf4 15. Bxb6 Qxb6 16. Be2 Nf6 17. gxf6 Bxf6 18.
Qxd6 Qxd6 19. Rxd6 Be5 20. Rdd1 f3 21. Bxf3 Bxh2 22. Rg2 Bf4+ 23. Kb1 g6 24.
Nc5 Bh3 25. Re2 Ra7 26. e5 Kg7 27. Nd5 Bg5 28. Ne4 Bd8 29. Rh2 Bf5 30. Ndf6 Rh8
31. Nd6 {1-0 Inarkiev,E (2675)-Nepomniachtchi,I (2602)/Novokuznetsk 2008/CBM
126}) 13... Rc8 14. g5 Nh5 15. Kb1 g6 16. Nd5 Nxd5 17. exd5 Bxd5 18. Qxd5 Qxa5
{1/2-1/2 Anand,V (2791)-Karjakin,S (2706)/Nice 2009/CBM 129 Extra (61)}) 13. g5
Nh5 14. Nd5 Bxd5 15. exd5 Nb6 16. Na5 Nxd5 17. Qxd5 Qxa5 {1-0 Motylev,A (2695)
-Najer,E (2666)/Khanty Mansiysk 2009/CBM 134 (41)}) 12... b4 13. Ne2 Ne8 14. f4
a5 15. f5 a4 (15... Bxb3 16. cxb3 a4 {1/2-1/2 Svidler,P (2738)-Bu Xiangzhi 
(2710)/Ningpo 2008/CBM 126 (41)}) 16. fxe6 (16. Nbd4 exd4 17. Nxd4 b3 18. Kb1
bxc2+ 19. Nxc2 {0-1 Inarkiev,E (2664)-Sjugirov,S (2585)/Ulan Ude 2009/CBM 132 
(56)}) 16... axb3 17. exf7+ Rxf7 18. cxb3 Rxa2 19. Kb1 Qa8 20. Ng3 Rxf1 21.
Rhxf1 Ra1+ 22. Kc2 Qc6+ 23. Kd3 Qb5+ 24. Kc2 Qc6+ 25. Kd3 Qb5+ 26. Kc2 {
1/2-1/2 Najer,E (2681)-Potkin,V (2606)/Ulan Ude 2009/CBM 132}) 11... b5 12. Bd3
$6 ({Recht zögerlich und ungewöhnlich, während} 12. g4 {immer noch eine
interessante Option war, z.B.} b4 (12... Nb6 $5 {, CDM}) 13. Ne2 a5 14. g5 Nh5
15. Ng3 Nf4 16. h4 a4 17. Nc1 b3 18. cxb3 axb3 19. a3 g6 20. Nd3 d5 21. Nxf4
exf4 22. Bxf4 Nb6 23. Be5 Bd6 24. Bxd6 Qxd6 25. exd5 Bxd5 26. Ne4 Bxe4+ 27.
fxe4 Qe7 28. Bb5 Na4 29. Bc6 Rfc8 30. Bxa8 Rc2 31. Qd4 Rxb2+ 32. Qxb2 Nxb2 33.
Kxb2 Qe5+ 34. Kb1 Qf4 35. Bd5 Qf2 36. Bxf7+ {1-0 Sutovsky,E (2629)-Sadvakasov,
D (2615)/Moscow 2007/CBM 117}) 12... Nb6 13. Qf2 Nc4 ({Natürlich und gut,
indes mag das vorbereitende} 13... Rb8 $5 {ebenso Beachtung verdienen, z.B.}
14. h4 Nc4 15. g4 Qc7 16. h5 Nxe3 17. Qxe3 h6 18. g5 hxg5 19. Rdg1 b4 20. Nd1
Nd7 21. h6 g6 $15 {(} 22. Bxa6 $2 Ra8 {)}) 14. Bxc4 bxc4 15. Nc5 Qc7 ({Genauer
erscheint} 15... Qc8 $142 16. Nxe6 fxe6 17. Bc1 (17. Qg3 Nh5) 17... Rb8 18. h4
Qc6 19. Qg3 Bd8 $15 {/\Bb6-d4 oder Ba5 und Schwarz steht zweifellos besser})
16. Nxe6 fxe6 17. Qg3 Rab8 18. Qh3 Kf7 $6 ({Das wirkt nun arg gekünstelt,
während die schwarze Stellung nach dem korrektiven} 18... Qd7 $142 {immer noch
vorzuziehen ist, z.B.} 19. Bc1 (19. g4 Qb7 20. Bc1 Ne8 21. g5 Bxg5 22. Qxe6+
Kh8 23. b3 cxb3 24. axb3 Bxc1 25. Kxc1 Rf6 $15) 19... Ne8 20. Ka1 (20. Qg3 Qc6
21. h4 Bd8 22. h5 Ba5 23. Ne2 Nf6 24. Ka1 Nd7 25. Qh3 Rfe8 $15 {/\Nc5}) 20...
Nc7 21. Rhf1 (21. Nd5 Bd8 22. f4 exf4 23. Rhf1) 21... Nb5 22. Nxb5 axb5 23. f4
exf4 24. Bxf4 b4 25. Qg4 Rb5 26. Rd5 $6 (26. Be3) 26... Rf6 27. Rf3 $4 (27.
Rxb5 Qxb5 28. Qe2 $15) 27... Rg6 {0-1 Kranjec,T-Kranjec,P (2074)/ICCF WS 2004}
(27... Rg6 28. Qh3 Qa7 29. Rd1 Ra5 30. a3 c3 31. Bc1 Bg5 $1 $19)) 19. f4 (19.
Bc1 $13) 19... Qa5 (19... Qb7 20. Bc1 (20. b3 $4 Nxe4) 20... exf4 21. Rhf1 e5
22. g3 $13 {/=}) 20. Bc1 exf4 21. Ka1 {eine vernünftige Prophylaxe} ({I Falls
aber} 21. Bxf4 $2 {, so gerät Weiß nach} Qa3 {in große Schwierigkeiten:} 22.
Bc1 (22. b3 $2 cxb3 23. cxb3 Rxb3+ $1 24. axb3 Qxb3+ 25. Kc1 (25. Ka1 $2 Nxe4
$1 26. Rhf1 (26. Nxe4 Qa4+ 27. Kb2 Rb8+ 28. Kc3 Rb3+ 29. Kd2 Rxh3 30. gxh3 Qxe4
$19) 26... Kg8 27. Be5 Nxc3 28. Bxc3 (28. Qxc3 Qa4+ 29. Kb1 Qb5+ (29... Rxf1
30. Qc8+ Rf8 31. Qxe6+ Rf7 $19 (31... Kh8 $2 32. Bxg7+ Kxg7 33. Qxe7+ Kg8 34.
Qe6+ Kh8 35. Qxd6)) 30. Kc2 Rxf1 31. Rxf1 (31. Qc8+ Kf7) 31... Qxf1 $19) 28...
Qa4+ 29. Kb1 Qb5+ 30. Ka1 Rxf1 31. Qxe6+ Rf7 $19)) 22... Rxb2+ $1 23. Bxb2 (23.
Ka1 $2 Rfb8 $19 {mit der vernichtenden Doppeldrohung 24...Qxa2+ und 24...Qxc3
jeweils nebst Matt}) 23... Rb8 24. Na4 (24. Nb5 Qxh3 25. gxh3 Rxb5 $17) 24...
Qxa4 25. Qc3 e5 $17 {, z.B.} 26. Rhe1 Qb5 27. a3 Bd8 28. Qb4 Ba5 29. Qxb5 Rxb5
30. Re3 c3 31. Rxd6 Rxb2+ 32. Kc1 Ra2 33. Kd1 Ra1+ 34. Ke2 Rc1) ({II} 21. Rhf1
$6 g5 22. Ka1 Rb7 23. Ne2 e5 24. Nc3 Qc5 25. g3 Qc8 26. Qg2 Ke8 $15) 21... g5
$6 ({Verpaßt eine günstige Gelegenheit, die Damen zu tauschen und zumindest
einen leichten Vorteil festzuhalten mit} 21... Qh5 $142 $1 22. Bxf4 Qxh3 23.
gxh3 e5 24. Bg5 Ke6 $15 25. Rhg1 (25. Bxf6 gxf6 26. Nd5 f5) 25... Ne8) 22. g3
$1 ({Strebt konsequente eine Öffnung des Königsflügels an (f-Linie).
Alternativen: I} 22. Qf3 $143 e5 $15) ({II} 22. Qh6 $143 Rfc8 23. h4 Rg8 24.
hxg5 Qxg5 25. Qxg5 Rxg5 26. Bxf4 Rxg2 27. Bxd6 Bxd6 28. Rxd6 Rxc2 29. Rxa6
Rbxb2 30. e5 Ng4 31. Rxh7+ Kg6 32. Rh1 $15) 22... g4 (22... f3 23. g4 $13 {/=})
23. Qh6 f3 24. h3 Rg8 ({Oder: I} 24... Qh5 25. Qxh5+ (25. hxg4 $143 Qxh6 26.
Bxh6 (26. Rxh6 Kg8) 26... Kg6 $5 27. Bxf8 Rxf8 28. Rd4 (28. Rh4 Nd7 29. Rhh1
Ne5) 28... Nxg4 29. Nd1 h5 30. Rf1 Ne5 $15) 25... Nxh5 26. hxg4 Nf6 27. g5 Ng8
28. Rxh7+ Kg6 $13 {/=}) ({II} 24... Qe5 25. hxg4 (25. Rdf1 Ke8 26. hxg4 Nxg4
27. Qxh7 Kd7 28. Bf4 Qh8 29. Rxf3 Qxh7 30. Rxh7 Rh8 31. Rg7 Rbg8 32. Rxg8 Rxg8)
25... Nxg4 26. Qxh7+ Qg7 $13 {/=}) 25. hxg4 Rxg4 26. Qe3 (26. Qh2 Qe5 27. Bf4
Qa5 28. Rdf1 Rxb2 29. Rxf3 (29. Kxb2 $2 Qb4+ 30. Kc1 Qxc3 31. Kd1 Rxf4 $1 32.
gxf4 Qa1+ 33. Kd2 Nxe4+ 34. Ke3 Qc3+ 35. Kxe4 d5#) (29. Bc1 $2 Rb8 $17) 29...
Rb7 30. Qe2 (30. Bxd6 Kg8 (30... Bxd6 $2 31. Qxh7+ Rg7 32. Rxf6+ Kxf6 33. Rf1+
Ke7 (33... Ke5 34. Qh5+) 34. Qxg7+ Kd8 35. Qxb7 Qxc3+ 36. Kb1 $18) 31. Bxe7
Rxe7 $13 {/=}) 30... Qb6 31. Rb1 Qc6 32. Rxb7 Qxb7 33. Qxc4 Rg8 $13 {/=}) 26...
Qe5 $6 (26... Rxg3 $13 {/=}) 27. Qxf3 Rxg3 $2 $138 {Damit hat der Wahlbelgier
Chuchelov seine Position gründlich verdorben, die in der nahenden Zeitnot den
Bach runtergeht.} (27... Qxg3 28. Rxh7+ (28. Qf1 Rc8) 28... Ke8 29. Rh8+ Ng8
30. Qf1 Rc8 31. Ne2 Qg2 32. Qxg2 Rxg2 33. Nf4 Rg4 34. Nxe6 c3 $14) 28. Qf2 $16
Rg7 $2 $138 ({I} 28... h5 $2 29. Bf4 Nxe4 30. Qh2 $1 Qg7 (30... Qxf4 $2 31.
Rdf1 $18 Rf3 32. Qxh5+) 31. Bxg3 Nxg3 32. Qf2+ Kg8 33. Rhg1 h4 34. Qa7 Rf8 (
34... Rd8 35. Ne4 Bf6 36. Qb6 $18 Rd7 37. c3 Be5 38. Nxd6 $18) 35. Qd7 e5 (
35... Rf6 36. Ne4 Rh6 37. Qc8+ Kh7 38. Nxg3 hxg3 39. Qxc4 $18) 36. Qe6+ Qf7 37.
Qg4+ Qg7 38. Qxc4+ Qf7 39. Qxa6 $18) ({II} 28... Rbg8 $5 {hätte noch zähen
Widerstand geleistet:} 29. Bf4 Rg2 30. Qf3 (30. Qxg2 $6 Rxg2 31. Bxe5 dxe5 32.
Rdf1 Kg6 33. Rfg1 Rg5 34. Rxg5+ Kxg5 35. Nb1 h5 36. Nd2 c3 37. bxc3 Ng4 $14)
30... Qa5 31. Bxd6 Bxd6 32. Rxh7+ R2g7 33. Rxg7+ Rxg7 34. Rxd6 Rg1+ 35. Rd1 $16
) ({III} 28... Rxc3 $2 29. Rxh7+ $1 $18) 29. Qa7 $1 Rgg8 ({I} 29... Re8 30. Be3
{drohend Bd4-xf6} Kg8 31. Qxa6 {-xc4+-} (31. Bd4 Qf4) 31... Qg3 32. Bb6) ({II} 
29... Rc8 30. Be3 {drohend Bd4-xf6} Qa5 (30... d5 31. Rdf1) 31. Bb6 Qg5 (31...
Qe5 32. Bd4) 32. Rhg1 Ng4 (32... Qh6 33. Be3 $18) 33. Qd7 $18 Rf8 34. Rdf1+ Kg8
35. Qxe6+ Kh8 36. Rxf8+ Bxf8 37. Bd4) 30. Rdf1 $18 h5 31. Bf4 Ra8 32. Qxa8 Rxa8
33. Bxe5 dxe5 34. Rxh5 Bd6 35. Rh6 Be7 36. Rh7+ 1-0

[Event "Doha FIDE GP (Women) 6th"]
[Site "Doha"]
[Date "2011.02.23"]
[Round "2"]
[White "Xu, Yuhua"]
[Black "Sebag, Marie"]
[Result "0-1"]
[WhiteElo "2484"]
[BlackElo "2489"]
[Annotator "Mikhalchishin,A"]
[PlyCount "54"]
[EventDate "2011.02.22"]
[EventType "tourn"]
[EventRounds "11"]
[EventCountry "QAT"]
[EventCategory "10"]
[SourceTitle "CBM 141"]
[Source "ChessBase"]
[SourceDate "2011.03.17"]
[SourceVersion "1"]
[SourceVersionDate "2011.03.17"]
[SourceQuality "1"]

1. e4 c5 2. Nf3 d6 3. d4 cxd4 4. Nxd4 Nf6 5. Nc3 a6 6. Be3 e5 7. Nb3 Be6 8. Qd2
Nbd7 9. f4 ({Generally speaking, with the queen developed to d2, another type
of flank activity looks more logical:} 9. f3 b5 10. O-O-O) 9... b5 ({Another
popular plan to control powerfully the e5-square is also possible} 9... exf4
10. Bxf4 Ne5 11. O-O-O Be7 12. Nd4 O-O 13. Nf5 Bxf5 14. exf5 b5 15. Kb1 b4 16.
Nd5 Nxd5 17. Qxd5 Qc7 18. g4 Rfc8 19. Bd3 Nxd3 20. Qxd3 Qc4 21. Rhf1 h6 22. h3
d5 23. Be5 Rc6 24. b3 Qxd3 25. Rxd3 {guaranteed White a nice advantage in the
endgame, Jakovenko,D-Naiditsch,A, Dortmund 2009.}) 10. f5 ({A very risky
strategy with a pawn sacrifice paid off in the next game} 10. O-O-O Be7 11. f5
Bc4 12. g4 ({This is serious preparation for an attack; a bit slow, but who
said that only fast attacks succeeded?} 12. h3 Qc7 13. g4 b4 14. Nd5 Nxd5 15.
exd5 a5 16. Kb1 O-O 17. g5 Rfc8 18. f6 Bd8 19. Nc1 Nb6 20. Bxb6 Qxb6 21. fxg7
Ra7 22. h4 Rac7 23. Bh3 Bxa2+ 24. Kxa2 Rxc2 25. Bxc8 Rxd2 26. Rxd2 Qe3 27. Rdd1
a4 28. Bf5 Bb6 29. Rhf1 Qg3 30. Nd3 Qxh4 31. Rc1 Qd4 32. Rh1 Bd8 33. Rxh7 e4
34. Rc8 Qxd5+ 35. Ka1 {1-0 Kryvoruchko,Y-Womacka,M, Olomouc 2006}) ({Even more
slow, but possible is} 12. Kb1 O-O 13. h3 a5 14. g4 Bxf1 15. Rhxf1 b4 16. Nd5
Nxd5 17. Qxd5 Qc7 18. g5 a4 19. Nd2 Rfc8 20. Qd3 Bf8 21. Rc1 Rab8 22. Rfd1 Qc6
23. h4 Rb5 24. Nf1 Qb7 25. Ka1 Ra5 26. c4 bxc3 27. Rxc3 Rxc3 28. Qxc3 Rb5 29.
Qc2 a3 30. bxa3 d5 31. a4 Ra5 32. exd5 Rxd5 33. Nd2 Qa6 34. Nb3 Rxd1+ 35. Qxd1
Qxa4 36. Qd5 g6 37. fxg6 hxg6 38. h5 gxh5 39. g6 Bg7 40. Qxf7+ Kh8 41. Qe8+ Bf8
42. Bh6 {1-0 Bruzon Batista,L-Vera Gonzalez ,R, Havana 2002}) 12... Nxg4 13.
Rg1 h5 14. Kb1 Bxf1 15. Rdxf1 Ndf6 16. a3 a5 17. Bg5 b4 18. Bxf6 bxc3 19. Bxe7
cxd2 20. Bxd8 Rxd8 21. Nxd2 Nxh2 22. Rd1 d5 23. exd5 Rxd5 24. Nc4 Rxd1+ 25.
Rxd1 Ng4 26. Nxa5 Ke7 {and the black pawns are more dangerous than White's,
Motylev,A-Iskusnyh,S, Sochi 2007.}) 10... Bc4 11. O-O-O ({Old grandmastrers
tried to destroy the attack on the queenside, but were met with a powerful
counterstrike} 11. a4 d5 $1 12. exd5 Bb4 13. Bd3 Nxd5 14. axb5 axb5 15. Ke2
N7f6 16. Bg5 Rxa1 17. Rxa1 Qc8 18. Bxf6 gxf6 19. Qh6 Nf4+ 20. Kd1 Nxd3 21. Ne4
Nxb2+ 22. Kc1 Bxb3 23. c3 Nd3+ 24. Kd2 Nf2 25. Nxf6+ Kd8 26. cxb4 Qc2+ 27. Ke3
Nd1+ 28. Rxd1+ Qxd1 29. Qg7 Qd4+ {0-1 Matanovic,A-Marjanovic,S, Pula 1984}) ({
Despite its success, the following strategy is too risky:} 11. Bxc4 bxc4 12.
Nc1 Qb8 13. N1e2 Qb7 14. Nd5 Nxe4 15. Qa5 Rc8 16. O-O-O Be7 17. Ng3 Ndf6 18.
Nxe4 Nxe4 19. Rhe1 O-O 20. Nxe7+ Qxe7 21. Qd5 Qh4 22. Bg1 Nf6 23. Qxd6 c3 24.
b3 Qf4+ 25. Kb1 Ne4 26. Be3 Qxf5 27. Qxa6 Rfd8 28. Qe2 Nf6 29. Bb6 Rd5 30. Qf3
Qe6 31. Bd4 e4 32. Qe2 Ra5 33. Bxc3 Rac5 34. Bxf6 Qxf6 35. Qxe4 h6 36. Re2 R5c6
37. Qf3 Qg6 38. Qd3 Qh5 39. Rde1 g6 40. Re8+ Rxe8 41. Rxe8+ Kg7 42. Qd4+ {
1-0 Fernandez Aguado,J-Martin,A,Barcelona 1984}) 11... h5 $5 {A very difficult
idea - to stop White's attack on the king ide. It proved to be very dangerous
in Motylev's game. Such plans are difficult to handle, as it is necessary to
keep one's own king in the center for some time.} (11... Rc8 {looks much more
natural, but after the move in the game White must play very actively and
precisely.} 12. Kb1 (12. g4 Nxg4 13. Bg5 Ngf6 14. Rg1 Be7 15. Bxf6 Nxf6 16.
Rxg7 b4 17. Bxc4 Rxc4 18. Qd3 Qc8 19. Nd5 Nxd5 20. Qxd5 Rxc2+ 21. Kb1 Qc4 22.
Qa8+ Qc8 23. Qd5 Qc4 24. Qa8+ Qc8 {1/2 Melekhina,A-Guramishvili,S, Zuerich 2010
}) 12... Be7 13. h3 d5 14. Nxd5 Nxe4 15. Qa5 Bxb3 16. Qxd8+ Bxd8 17. axb3 Ng3
18. Rg1 Nxf5 19. Bf2 Nb8 20. Be2 g6 21. g4 Nd6 22. Bg3 Nc6 23. Bf3 Kd7 24. c3
Re8 25. g5 Ke6 26. h4 f5 27. gxf6 Nf5 28. Bf2 Kf7 29. Be4 Bxf6 30. h5 Nce7 31.
hxg6+ hxg6 32. Nb6 Rc7 33. b4 Rh8 34. Nd7 Bg7 35. Nc5 Ra7 36. Ne6 Kxe6 37. Bxa7
{1-0 Todorovic,G-Marjanovic,S, Subotica 2000}) 12. Kb1 Qc7 13. Bxc4 ({The
preparation of the attack on the kingside appears to be very long} 13. g3 Rc8
14. Bg2 a5 15. h3 b4 16. Nd5 Nxd5 17. exd5 Be7 18. g4 a4 19. Nc1 Qb7 {was not
so dangerous for Black. But still it was a better choice for White.}) 13...
bxc4 14. Nc1 Qb7 {Now the e4-pawn is under fire plus the queen is casting an
eye at b2.} 15. Rhe1 Be7 ({It was possible to take a pawn} 15... Nxe4 16. Nxe4
Qxe4 17. Bc5 Qxf5 18. Bxd6 Bxd6 19. Qxd6 Qe6 {with the king still in the
centre but no real threats at the moment.}) 16. h3 h4 ({It was possible to
continue her own plan of attack} 16... a5 17. g4 Rb8 18. b3 hxg4 19. hxg4 a4)
17. Bg5 O-O $5 ({Black decides to forget about the pawn and to solve the
problem of her own king. It was still possible to continue the attack:} 17...
Rb8 18. b3 Qb4) 18. Bxh4 Rfb8 19. b3 a5 20. g4 ({It was possible to stop
Blacks attack directly:} 20. Bxf6 Nxf6 21. a4) 20... a4 21. Bxf6 ({Now it was
too late, as Black continues increasing threats after} 21. g5 axb3 22. cxb3
cxb3 23. Nxb3 Nc5) 21... Bxf6 22. g5 ({It would be very difficult to defend
against mounting threats after} 22. Qxd6 cxb3 23. cxb3 axb3 24. axb3 Nb6 25.
Qd3 Qa7 26. N1a2 Qa3 {but it was better than the game continuation.}) 22...
axb3 23. cxb3 cxb3 24. a4 b2 $1 {This move decides the result of the game -
White is helpless.} 25. N1a2 Nb6 26. Qe2 Nxa4 27. Nd5 Qb3 0-1